00352 2200145 4500245006400000250001100064100001600075650001400091005001900105260002600124041001400150084001000164300002300174336000900197 aAneka Rasa b : Aneka Rasa Kue KeringcIin IndarjatihText aCet. 1 aIin Indarti aResep Kue a20241018135203 aJakartabDaffaa Media aIndonesia a641.5 a$0 hlm :c24,2 cm. atext